000 00381nam a2200157Ia 4500
008 220216s9999 xx 000 0 und d
100 _aAbraham T
245 0 _aRubber thottangalil naasam vithachu Okhi chuzhalikkattu
260 _bRubber
_c2018
300 _a13-15
650 _aClimate change
650 _aOkhi
700 _aJacob J
700 _aSathik M.B.M
942 _cBS
999 _c49486
_d49486